[Event "TUR-chT 1st League"]
[Site "Denizli"]
[Date "2023.07.15"]
[Round "9.53"]
[White "Rzayev, Askar Aliakbar"]
[Black "Uysal, Ugur"]
[Result "1-0"]
[WhiteElo "2082"]
[BlackElo "1774"]
[PlyCount "79"]
[EventDate "2023.07.09"]
[EventType "team-swiss"]
[EventRounds "9"]
[EventCountry "TUR"]
[SourceTitle "CBM 215 Extra"]
[Source "ChessBase"]
[SourceDate "2023.09.30"]
[SourceVersion "1"]
[SourceVersionDate "2023.09.30"]
[SourceQuality "1"]
[WhiteTeam "Bursa Deneyim"]
[BlackTeam "Ankara Demirspor"]
[WhiteTeamCountry "TUR"]
[BlackTeamCountry "TUR"]

1. b3 Nf6 2. Bb2 g6 3. Bxf6 exf6 4. d4 d5 5. g3 c6 6. Bg2 Bd6 7. e3 h5 8. h4 0-0 9. Bf3 f5 10. Nh3 Nd7 11. c4 dxc4 12. bxc4 Qa5+ 13. Kf1 Nf6 14. Nd2 Bb4 15. Nb3 Qa6 16. Qc2 Be6 17. Be2 b5 18. c5 Bd5 19. Rg1 Ne4 20. Rc1 Nc3 21. Nf4 Be4 22. Bd3 Qa3 23. Bxe4 Nxe4 24. Kg2 a5 25. d5 cxd5 26. Nxd5 Rfd8 27. Ne7+ Kf8 28. Nc6 Rdc8 29. Nbd4 Nc3 30. Ne5 Qxa2 31. Qxa2 Nxa2 32. Rc2 Nc3 33. Nd7+ Ke7 34. Nb6 a4 35. Rgc1 a3 36. Nxa8 a2 37. Nb6 Rxc5 38. Nb3 Ne2 39. Rxc5 Bxc5 40. Rxc5 1-0

[Event "TUR-chT 1st League"]
[Site "Denizli"]
[Date "2023.07.10"]
[Round "3.63"]
[White "Demirtas, Alper"]
[Black "Rzayev, Askar Aliakbar"]
[Result "0-1"]
[WhiteElo "1888"]
[BlackElo "2082"]
[PlyCount "94"]
[EventDate "2023.07.09"]
[EventType "team-swiss"]
[EventRounds "9"]
[EventCountry "TUR"]
[SourceTitle "CBM 215 Extra"]
[Source "ChessBase"]
[SourceDate "2023.09.30"]
[SourceVersion "1"]
[SourceVersionDate "2023.09.30"]
[SourceQuality "1"]
[WhiteTeam "Karsiyaka Ihtisas"]
[BlackTeam "Bursa Deneyim"]
[WhiteTeamCountry "TUR"]
[BlackTeamCountry "TUR"]

1. Nf3 Nf6 2. c4 g6 3. g3 Bg7 4. Bg2 d6 5. d4 0-0 6. 0-0 Nc6 7. Nc3 a6 8. Bf4 Rb8 9. Rc1 Bf5 10. d5 Na5 11. Nd2 c5 12. e4 Bg4 13. f3 Bd7 14. g4 b5 15. b3 bxc4 16. bxc4 Qc7 17. Qc2 Bc8 18. Rfe1 Nd7 19. Bf1 Ne5 20. Bd3 Rb2 21. Qxb2 Nxd3 22. Qc2 Nxf4 23. Ne2 Be5 24. Rb1 Bd7 25. Nf1 Nxe2+ 26. Rxe2 Rb8 27. Ree1 Bd4+ 28. Kg2 Rb4 29. Nd2 Be5 30. a3 Rxb1 31. Rxb1 e6 32. h3 Qd8 33. Nf1 exd5 34. exd5 Kg7 35. Ng3 Qg5 36. Ne2 Qe3 37. Re1 Bd4 38. Nxd4 Qxe1 39. Ne2 Nb3 40. Qb2+ Kg8 41. Qxb3 Qxe2+ 42. Kg3 Qe5+ 43. Kg2 Kg7 44. Qb6 Ba4 45. Qxa6 Bd1 46. Qa5 Qe2+ 47. Kg1 Qe3+ 0-1

[Event "Mersin op 5th"]
[Site "Mersin"]
[Date "2021.11.20"]
[Round "8"]
[White "Rzayev, Askar Aliakbar"]
[Black "Yurtseven, Melih"]
[Result "0-1"]
[WhiteElo "2127"]
[BlackElo "2414"]
[PlyCount "78"]
[EventDate "2021.11.16"]
[EventType "swiss"]
[EventRounds "9"]
[EventCountry "TUR"]
[SourceTitle "CBM 205 Extra"]
[Source "ChessBase"]
[SourceDate "2022.01.31"]
[SourceVersion "1"]
[SourceVersionDate "2022.01.31"]
[SourceQuality "1"]

1. d4 c5 2. d5 d6 3. c4 g6 4. e4 Bg7 5. Nf3 a6 6. a4 e5 7. Nc3 Ne7 8. Bd3 0-0 9. h3 f5 10. Ng5 h6 11. Ne6 Bxe6 12. dxe6 Nbc6 13. Nd5 Nd4 14. h4 Nxe6 15. h5 Nxd5 16. cxd5 Nd4 17. hxg6 f4 18. Bd2 Qf6 19. a5 Qxg6 20. Kf1 Rac8 21. b3 f3 22. g3 Rc7 23. Rc1 Rcf7 24. Be3 h5 25. Bxd4 cxd4 26. Rc4 Bf6 27. Qc2 Bd8 28. b4 h4 29. Rg1 Rg7 30. Rc8 Qg4 31. Ke1 Qh3 32. g4 Rxg4 33. Rf1 Rg7 34. Rb8 Rc7 35. Rg1+ Qg2 36. Rf1 Qh3 37. Qd2 Qg4 38. Qh6 Qg5 39. Qe6+ Kg7 0-1

[Event "Kirsehir Ahilik op"]
[Site "Kirsehir"]
[Date "2021.09.18"]
[Round "9"]
[White "Rzayev, Askar Aliakbar"]
[Black "Mammadov, Sadig"]
[Result "1-0"]
[WhiteElo "2129"]
[BlackElo "2188"]
[PlyCount "107"]
[EventDate "2021.09.13"]
[EventType "swiss"]
[EventRounds "9"]
[EventCountry "TUR"]
[SourceTitle "CBM 204 Extra"]
[Source "ChessBase"]
[SourceDate "2021.11.30"]
[SourceVersion "1"]
[SourceVersionDate "2021.11.30"]
[SourceQuality "1"]

1. Nf3 d5 2. c4 c6 3. d4 Nf6 4. Qb3 dxc4 5. Qxc4 b5 6. Qc2 Bb7 7. e4 e6 8. Bd3 h6 9. 0-0 Be7 10. Nbd2 0-0 11. Nb3 Na6 12. Qe2 Nd7 13. a3 Rc8 14. Bd2 e5 15. Nxe5 Nxe5 16. dxe5 Nc5 17. Nxc5 Bxc5 18. Bc3 Bd4 19. Kh1 a6 20. Rad1 Bxc3 21. bxc3 Qe7 22. f4 Rfd8 23. Qb2 Rd7 24. Be2 Rcd8 25. h3 c5 26. Rxd7 Rxd7 27. Bf3 Rd3 28. Qc1 Qd8 29. f5 Qc7 30. e6 Qe5 31. exf7+ Kxf7 32. Qe1 Rxc3 33. Qd2 Bc6 34. Qd8 Be8 35. Bh5+ Kf8 36. f6 gxf6 37. Bxe8 Rxh3+ 38. gxh3 Qxe4+ 39. Kg1 Qe3+ 40. Kg2 Qe4+ 41. Kg3 Qe3+ 42. Kg2 Qe4+ 43. Rf3 Qe2+ 44. Rf2 Qe4+ 45. Kf1 Qc4+ 46. Ke1 Qc1+ 47. Qd1 Qe3+ 48. Re2 Qg3+ 49. Kd2 c4 50. Re3 c3+ 51. Rxc3 Qf4+ 52. Kc2 Qa4+ 53. Kc1 Qf4+ 54. Qd2 1-0

[Event "Kirsehir Ahilik op"]
[Site "Kirsehir"]
[Date "2021.09.17"]
[Round "7"]
[White "Rzayev, Askar Aliakbar"]
[Black "Kiziltas, Inanc Vefa"]
[Result "1-0"]
[WhiteElo "2129"]
[BlackElo "1831"]
[PlyCount "65"]
[EventDate "2021.09.13"]
[EventType "swiss"]
[EventRounds "9"]
[EventCountry "TUR"]
[SourceTitle "CBM 204 Extra"]
[Source "ChessBase"]
[SourceDate "2021.11.30"]
[SourceVersion "1"]
[SourceVersionDate "2021.11.30"]
[SourceQuality "1"]

1. Nf3 Nf6 2. c4 e6 3. d4 d5 4. g3 Be7 5. Bg2 0-0 6. 0-0 b6 7. Nc3 Bb7 8. Ne5 Ne4 9. cxd5 exd5 10. Be3 Nd7 11. Nxe4 dxe4 12. Qc2 Nxe5 13. dxe5 f5 14. Rfd1 Qc8 15. Rac1 c5 16. Qb3+ Kh8 17. f3 Qc6 18. fxe4 fxe4 19. Bh3 Rad8 20. Rxd8 Bxd8 21. Rd1 Bc7 22. e6 Re8 23. Qc3 Bd6 24. Rf1 Kg8 25. Rf7 Bf8 26. Bh6 gxh6 27. Bf5 Rxe6 28. Bxe6 Qxe6 29. Rxb7 Qd5 30. Rxa7 c4 31. Qf6 Qd1+ 32. Qf1 Qd4+ 33. Kg2 1-0

[Event "Kirsehir Ahilik op"]
[Site "Kirsehir"]
[Date "2021.09.13"]
[Round "1"]
[White "Rzayev, Askar Aliakbar"]
[Black "Kurdas, Halil Ibrahim"]
[Result "1-0"]
[WhiteElo "2129"]
[BlackElo "1872"]
[PlyCount "75"]
[EventDate "2021.09.13"]
[EventType "swiss"]
[EventRounds "9"]
[EventCountry "TUR"]
[SourceTitle "CBM 204 Extra"]
[Source "ChessBase"]
[SourceDate "2021.11.30"]
[SourceVersion "1"]
[SourceVersionDate "2021.11.30"]
[SourceQuality "1"]

1. d4 d5 2. Nf3 Nf6 3. c4 e6 4. Nc3 dxc4 5. e4 a6 6. e5 Nd5 7. Bxc4 Nxc3 8. bxc3 b5 9. Bd3 Bb7 10. 0-0 Be7 11. a4 bxa4 12. Qxa4+ Bc6 13. Qc2 h5 14. Qe2 h4 15. h3 a5 16. Nh2 Nd7 17. c4 Nb6 18. Be3 a4 19. Qg4 Qd7 20. Rfd1 a3 21. d5 Ba4 22. Rdb1 Kf8 23. d6 Bd8 24. Be4 Ra6 25. Bb7 Ra7 26. Bf3 Bc2 27. Rb4 Ra4 28. c5 f5 29. Qd4 Rxb4 30. Qxb4 Qa4 31. Qxa3 Qxa3 32. Rxa3 cxd6 33. cxb6 Kf7 34. b7 Bc7 35. Ra8 Rf8 36. exd6 Bxd6 37. Rxf8+ Kxf8 38. Bc5 1-0

[Event "Elitzur Int Online"]
[Site "Chess.com INT"]
[Date "2020.11.01"]
[Round "7"]
[White "Rustemov, Alexander"]
[Black "Rzayev, Askar Aliakbar"]
[Result "1-0"]
[WhiteElo "2525"]
[BlackElo "2129"]
[PlyCount "75"]
[EventDate "2020.11.01"]
[EventType "swiss (blitz)"]
[EventRounds "11"]
[EventCountry "ISR"]
[SourceTitle "CBM 199 Extra"]
[Source "ChessBase"]
[SourceDate "2021.01.31"]
[SourceVersion "1"]
[SourceVersionDate "2021.01.31"]
[SourceQuality "1"]

1. d4 Nf6 2. Nf3 e6 3. c4 d5 4. Nc3 c5 5. cxd5 Nxd5 6. e3 Nc6 7. Bd3 cxd4 8. exd4 Be7 9. 0-0 0-0 10. Re1 Nf6 11. Bg5 Nb4 12. Bb1 b6 13. a3 Nbd5 14. Qd3 g6 15. Ba2 Bb7 16. Ne5 Rc8 17. Rad1 Re8 18. Qh3 Nxc3 19. bxc3 Nh5 20. Nxf7 Kxf7 21. Qxe6+ Kg7 22. Qf7+ Kh8 23. Bxe7 Qc7 24. Bf6+ Nxf6 25. Qxf6+ Qg7 26. Qxg7+ Kxg7 27. c4 Ba6 28. Rxe8 Rxe8 29. c5 Re2 30. Bd5 bxc5 31. dxc5 Rc2 32. c6 Rc3 33. a4 Kf6 34. h3 Ke5 35. Bf3 Bd3 36. Re1+ Kd6 37. Re8 Bf5 38. Ra8 1-0

[Event "Elitzur Int Online"]
[Site "Chess.com INT"]
[Date "2020.11.01"]
[Round "10"]
[White "Rzayev, Askar Aliakbar"]
[Black "Tobak, Mikhail"]
[Result "1-0"]
[WhiteElo "2129"]
[BlackElo "2110"]
[PlyCount "131"]
[EventDate "2020.11.01"]
[EventType "swiss (blitz)"]
[EventRounds "11"]
[EventCountry "ISR"]
[SourceTitle "CBM 199 Extra"]
[Source "ChessBase"]
[SourceDate "2021.01.31"]
[SourceVersion "1"]
[SourceVersionDate "2021.01.31"]
[SourceQuality "1"]

1. d4 Nf6 2. Nf3 e6 3. c4 b6 4. a3 d5 5. Bg5 Be7 6. e3 c6 7. Nc3 0-0 8. Bd3 Ba6 9. cxd5 Bxd3 10. Qxd3 cxd5 11. Ne5 Nfd7 12. Bf4 Nxe5 13. Bxe5 Nc6 14. Bg3 Na5 15. 0-0 Nc4 16. Qe2 Rc8 17. Rfc1 Qd7 18. a4 Bb4 19. b3 Na5 20. Qb2 Rxc3 21. Rxc3 Bxc3 22. Qxc3 Rc8 23. Qd3 Qc6 24. h4 Qc3 25. Qxc3 Rxc3 26. b4 Nb3 27. Ra3 Nxd4 28. Ra2 Nf5 29. Bb8 a6 30. b5 axb5 31. axb5 h5 32. Ra6 d4 33. exd4 Nxd4 34. Rxb6 Rb3 35. Be5 Nxb5 36. Kh2 Nd4 37. Bxd4 Rd3 38. Be3 Kh7 39. Kg3 Kg6 40. Kf3 Ra3 41. Rb5 f6 42. Rb6 e5 43. Rb5 Ra4 44. Rc5 Rb4 45. g3 Ra4 46. Kg2 Kf5 47. Rc7 g6 48. Rc6 g5 49. hxg5 fxg5 50. Rh6 h4 51. gxh4 gxh4 52. Kh3 Ra1 53. Rh5+ Ke4 54. Kg2 Kd3 55. Rxe5 Ra4 56. Rh5 Ke2 57. Kh3 Kf3 58. Rxh4 Ra1 59. Rf4+ Ke2 60. Kg4 Ra6 61. Rb4 Re6 62. Rb3 Rg6+ 63. Kf5 Rg8 64. f4 Kf3 65. Bd4+ Ke2 66. Be5 1-0

[Event "EU-ch Online U2300 Qual"]
[Site "Chess.com INT"]
[Date "2020.05.25"]
[Round "5"]
[White "Delaney, Killian"]
[Black "Rzayev, Askar Aliakbar"]
[Result "0-1"]
[WhiteElo "2314"]
[BlackElo "2129"]
[PlyCount "42"]
[EventDate "2020.05.25"]
[EventType "swiss"]
[EventRounds "8"]
[EventCountry "NET"]
[SourceTitle "EXT 2021"]
[Source "ChessBase"]
[SourceDate "2020.10.23"]
[SourceVersion "1"]
[SourceVersionDate "2020.10.23"]
[SourceQuality "1"]

1. e4 e6 2. d4 d5 3. Nd2 c5 4. exd5 Qxd5 5. Ngf3 cxd4 6. Bc4 Qd7 7. 0-0 Nc6 8. Nb3 Nf6 9. Nbxd4 Nxd4 10. Nxd4 a6 11. Re1 b5 12. Bb3 Bb7 13. Bg5 Ne4 14. Bh4 g5 15. Bg3 Nxg3 16. hxg3 0-0-0 17. c3 h5 18. Rxe6 fxe6 19. Bxe6 Qxe6 20. Nxe6 Rxd1+ 21. Rxd1 Be7 0-1

[Event "Konyaalti op"]
[Site "Konyaalti"]
[Date "2019.11.19"]
[Round "4"]
[White "Rzayev, Askar Aliakbar"]
[Black "Lortkipanidze, Nodar"]
[Result "0-1"]
[WhiteElo "2116"]
[BlackElo "2377"]
[PlyCount "78"]
[EventDate "2019.11.17"]
[EventType "swiss"]
[EventRounds "9"]
[EventCountry "TUR"]
[SourceTitle "CBM 193 Extra"]
[Source "ChessBase"]
[SourceDate "2020.01.31"]
[SourceVersion "1"]
[SourceVersionDate "2020.01.31"]
[SourceQuality "1"]

1. Nf3 f5 2. g3 Nf6 3. Bg2 g6 4. 0-0 Bg7 5. d4 0-0 6. c4 d6 7. b3 Na6 8. Bb2 c6 9. Nbd2 Nc7 10. Qc2 a5 11. a3 Bd7 12. Rfe1 b5 13. e4 fxe4 14. Nxe4 Bf5 15. Nh4 Bxe4 16. Bxe4 Nxe4 17. Qxe4 bxc4 18. bxc4 d5 19. cxd5 Qxd5 20. Qxe7 Rab8 21. Rab1 Nb5 22. Ng2 Qf5 23. Nf4 Nc3 24. d5 Rf7 25. Qd6 Be5 26. Qxe5 Qxe5 27. Rxe5 Nxb1 28. Re2 g5 29. Ne6 cxd5 30. Nxg5 Rfb7 31. Be5 Re8 32. f4 d4 33. Ne4 d3 34. Rf2 Rc8 35. f5 Rc1+ 36. Kg2 Re1 37. Nf6+ Kf7 38. Ng4 d2 39. Nh6+ Ke8 0-1

[Event "Cesme op-A 7th"]
[Site "Cesme"]
[Date "2019.06.29"]
[Round "8"]
[White "Annageldyev, Orazly"]
[Black "Rzayev, Askar Aliakbar"]
[Result "1-0"]
[WhiteElo "2353"]
[BlackElo "2089"]
[PlyCount "83"]
[EventDate "2019.06.24"]
[EventType "swiss"]
[EventRounds "9"]
[EventCountry "TUR"]
[SourceTitle "CBM 191 Extra"]
[Source "ChessBase"]
[SourceDate "2019.09.30"]
[SourceVersion "1"]
[SourceVersionDate "2019.09.30"]
[SourceQuality "1"]

1. e4 e5 2. Nf3 Nc6 3. Bc4 Bc5 4. 0-0 Nf6 5. d3 d6 6. c3 0-0 7. Re1 a5 8. Nbd2 Be6 9. Bxe6 fxe6 10. Nf1 Bb6 11. Be3 Bxe3 12. Nxe3 a4 13. d4 Nxe4 14. d5 Ne7 15. dxe6 Nxf2 16. Qc2 e4 17. Ng5 Nd3 18. Rf1 Rxf1+ 19. Rxf1 d5 20. Qe2 Qe8 21. Rf7 h6 22. Nxd5 Nxd5 23. Qxe4 hxg5 24. Qg6 Qf8 25. Rxf8+ Rxf8 26. Qxd3 Nf4 27. Qe4 c6 28. c4 Re8 29. e7 Nh5 30. Qe6+ Kh7 31. Qf7 Nf6 32. g4 Kh6 33. h3 b5 34. c5 Rc8 35. Kg2 Rb8 36. Kf3 Re8 37. a3 Rb8 38. Ke3 Kh7 39. Kd4 b4 40. h4 gxh4 41. g5 Ne8 42. g6+ 1-0

[Event "Cesme op-A 7th"]
[Site "Cesme"]
[Date "2019.06.25"]
[Round "3.16"]
[White "Rzayev, Askar Aliakbar"]
[Black "Can, Melih Kaan"]
[Result "1-0"]
[WhiteElo "2089"]
[BlackElo "2204"]
[PlyCount "99"]
[EventDate "2019.06.24"]
[EventType "swiss"]
[EventRounds "9"]
[EventCountry "TUR"]
[SourceTitle "CBM 191 Extra"]
[Source "ChessBase"]
[SourceDate "2019.09.30"]
[SourceVersion "1"]
[SourceVersionDate "2019.09.30"]
[SourceQuality "1"]

1. d4 Nf6 2. c4 c5 3. d5 e6 4. Nc3 exd5 5. cxd5 d6 6. e4 g6 7. Nge2 Bg7 8. Ng3 0-0 9. Be2 a6 10. a4 Nbd7 11. 0-0 h5 12. Bg5 Qe8 13. h3 Nh7 14. Bf4 h4 15. Nh1 Ne5 16. Be3 g5 17. Qd2 Qe7 18. f4 gxf4 19. Bxf4 Ng6 20. Bh6 f5 21. Bxg7 Qxg7 22. exf5 Bxf5 23. Nf2 Ne5 24. Kh1 Kh8 25. Nfe4 Qg6 26. Rf4 Rg8 27. Bf1 Bxh3 28. Qf2 Raf8 29. Rxf8 Rxf8 30. Qd2 Bf5 31. Re1 Rg8 32. Nxd6 Nf3 33. Nf7+ Qxf7 34. gxf3 Qg6 35. Qh2 Ng5 36. Re3 Nf7 37. Re7 Qf6 38. Rxb7 Rg3 39. Qe2 Qd4 40. Qh2 Qf4 41. Rxf7 Qxf3+ 42. Bg2 Qf4 43. Rxf5 Qxf5 44. Qxh4+ Qh7 45. Qxh7+ Kxh7 46. d6 Rg7 47. Ne4 Kg6 48. Nxc5 Kf6 49. d7 Rg8 50. Nb7 1-0

[Event "Cesme op-A 7th"]
[Site "Cesme"]
[Date "2019.06.25"]
[Round "2.14"]
[White "Rzayev, Bahruz Iqbal Oglu"]
[Black "Rzayev, Askar Aliakbar"]
[Result "1/2-1/2"]
[WhiteElo "2340"]
[BlackElo "2089"]
[PlyCount "54"]
[EventDate "2019.06.24"]
[EventType "swiss"]
[EventRounds "9"]
[EventCountry "TUR"]
[SourceTitle "CBM 191 Extra"]
[Source "ChessBase"]
[SourceDate "2019.09.30"]
[SourceVersion "1"]
[SourceVersionDate "2019.09.30"]
[SourceQuality "1"]

1. e4 e5 2. Nf3 Nc6 3. Bc4 Bc5 4. c3 Nf6 5. d3 0-0 6. b4 Bb6 7. a4 a6 8. 0-0 h6 9. Re1 d6 10. Be3 Bxe3 11. Rxe3 Kh8 12. Nbd2 a5 13. b5 Ne7 14. Qb3 Qe8 15. d4 Ng6 16. b6 c6 17. Qa3 Qd8 18. Ba2 exd4 19. cxd4 d5 20. exd5 Nxd5 21. Bxd5 Qxd5 22. Rc1 Be6 23. Ne4 Qd8 24. Qc5 Nf4 25. Ne5 Bd5 26. Rb1 f6 27. Nf3 Qd7 1/2-1/2

[Event "Ankara Baskent Univ op 4th"]
[Site "Ankara"]
[Date "2019.06.22"]
[Round "9"]
[White "Babayev, Talib"]
[Black "Rzayev, Askar Aliakbar"]
[Result "1-0"]
[WhiteElo "2290"]
[BlackElo "2089"]
[PlyCount "71"]
[EventDate "2019.06.17"]
[EventType "swiss"]
[EventRounds "9"]
[EventCountry "TUR"]
[SourceTitle "CBM 191 Extra"]
[Source "ChessBase"]
[SourceDate "2019.09.30"]
[SourceVersion "1"]
[SourceVersionDate "2019.09.30"]
[SourceQuality "1"]

1. Nf3 d5 2. c4 e6 3. g3 Nf6 4. Bg2 Be7 5. b3 d4 6. Bb2 c5 7. b4 0-0 8. 0-0 a5 9. bxc5 Bxc5 10. Ne5 a4 11. Nd3 a3 12. Bc1 Be7 13. Qb3 Qa5 14. c5 e5 15. Nxe5 Qxc5 16. Nc4 Be6 17. d3 Bxc4 18. dxc4 Nc6 19. Qxb7 Ne5 20. Qb5 Ra5 21. Qxc5 Bxc5 22. Nd2 Ra4 23. Nb3 Rc8 24. Bf4 Ng6 25. Bb7 Nxf4 26. Bxc8 Nxe2+ 27. Kg2 Bf8 28. c5 Nc3 29. Rfc1 Nfd5 30. Bb7 Nb4 31. c6 Bd6 32. Re1 Kf8 33. Nc5 g6 34. Nxa4 Nxa4 35. Re4 Nc2 36. Rc1 1-0

[Event "Ankara Baskent Univ op 4th"]
[Site "Ankara"]
[Date "2019.06.21"]
[Round "7"]
[White "Bernadskiy, Vitaliy"]
[Black "Rzayev, Askar Aliakbar"]
[Result "1-0"]
[WhiteElo "2578"]
[BlackElo "2089"]
[PlyCount "109"]
[EventDate "2019.06.17"]
[EventType "swiss"]
[EventRounds "9"]
[EventCountry "TUR"]
[SourceTitle "CBM 191 Extra"]
[Source "ChessBase"]
[SourceDate "2019.09.30"]
[SourceVersion "1"]
[SourceVersionDate "2019.09.30"]
[SourceQuality "1"]

1. c4 e6 2. Nc3 d5 3. d4 Nf6 4. cxd5 exd5 5. Bg5 Be7 6. e3 Nbd7 7. Bd3 c6 8. Nf3 Nf8 9. h3 Ng6 10. Qc2 Be6 11. 0-0-0 Qa5 12. Nd2 Nd7 13. Bxe7 Nxe7 14. Nb3 Qc7 15. Kb1 g6 16. h4 h5 17. f3 0-0-0 18. Rc1 Kb8 19. g4 hxg4 20. Nb5 Qg3 21. Rcg1 Rxh4 22. Rxg3 Rxh1+ 23. Nc1 cxb5 24. Qg2 Rdh8 25. fxg4 R8h2 26. Qf3 a6 27. Bf1 Rh4 28. Bh3 Rh2 29. Nd3 g5 30. Ne1 Ka7 31. Qf1 f5 32. gxf5 R2xh3 33. fxe6 Rxg3 34. exd7 Nc6 35. Nf3 Rh8 36. Ne5 Rxe3 37. Qc1 Re2 38. Qc5+ Ka8 39. Nxc6 Rh1+ 40. Qc1 Rxc1+ 41. Kxc1 bxc6 42. d8Q+ Kb7 43. Qxg5 Re4 44. Kc2 Re2+ 45. Kc3 a5 46. Qd8 Re3+ 47. Kd2 Re4 48. Kd3 a4 49. Qd7+ Kb6 50. Qc8 Re1 51. Qb8+ Ka6 52. Qc7 Rc1 53. Kd2 Rc4 54. b3 axb3 55. axb3 1-0

[Event "Ordu op 5th"]
[Site "Ordu"]
[Date "2019.04.30"]
[Round "3"]
[White "Rzayev, Askar Aliakbar"]
[Black "Isik, Alparslan"]
[Result "0-1"]
[WhiteElo "2085"]
[BlackElo "2233"]
[PlyCount "162"]
[EventDate "2019.04.29"]
[EventType "swiss"]
[EventRounds "9"]
[EventCountry "TUR"]
[SourceTitle "CBM 190 Extra"]
[Source "ChessBase"]
[SourceDate "2019.07.15"]
[SourceVersion "1"]
[SourceVersionDate "2019.07.15"]
[SourceQuality "1"]

1. d4 Nf6 2. Nf3 g6 3. b3 Bg7 4. Bb2 d5 5. e3 0-0 6. Be2 c5 7. 0-0 cxd4 8. Nxd4 e5 9. Nf3 e4 10. Nd4 Nbd7 11. Nd2 Ne5 12. h3 b6 13. c4 Re8 14. cxd5 Qxd5 15. Nc4 Nd3 16. Bxd3 exd3 17. Qxd3 Bb7 18. f3 Rad8 19. Rfd1 Qg5 20. e4 Nxe4 21. Qe3 Qxe3+ 22. Nxe3 Nd6 23. Kf2 Rd7 24. Rab1 Rde7 25. Ndc2 Nb5 26. Bxg7 Kxg7 27. Rd3 Nc7 28. Rbd1 Bc8 29. Rd8 Ne6 30. Rxe8 Rxe8 31. Nd4 Nxd4 32. Rxd4 Be6 33. Rd2 Rc8 34. Rc2 Kf6 35. Rxc8 Bxc8 36. f4 Ke6 37. Ke2 h6 38. h4 Ba6+ 39. Kd2 f6 40. Kc3 Be2 41. Kd4 Kd6 42. g3 Bf3 43. b4 Kc6 44. Kc3 Kb5 45. Kb3 Be2 46. a3 a5 47. bxa5 bxa5 48. Kc3 Kc5 49. Kd2 Bf3 50. Kc3 Be2 51. Kd2 Bf3 52. Kc3 h5 53. Nc4 Kd5 54. Nxa5 Ke4 55. Nc4 Bg2 56. Kd2 Kf3 57. f5 gxf5 58. Nd6 Kg4 59. Ke3 Kxg3 60. Nxf5+ Kg4 61. Nd4 f5 62. Ne2 Bc6 63. Nd4 f4+ 64. Kf2 Bb7 65. Ne2 Bc6 66. Nd4 Bd7 67. Ne2 Be8 68. Ng1 Bb5 69. Nf3 Ba4 70. Nd4 Bd7 71. Nf3 Be8 72. Nd4 Bf7 73. Ne2 Bb3 74. Nd4 Bc4 75. Ne2 Ba6 76. a4 Bc8 77. a5 Bb7 78. Ng1 f3 79. a6 Ba8 80. a7 Bb7 81. Kf1 Kg3 0-1

[Event "Ankara Baskent Univ op-A 3rd"]
[Site "Ankara"]
[Date "2018.08.28"]
[Round "3"]
[White "Rzayev, Askar Aliakbar"]
[Black "Kanmazalp, Ogulcan"]
[Result "1/2-1/2"]
[WhiteElo "2061"]
[BlackElo "2481"]
[PlyCount "76"]
[EventDate "2018.08.27"]
[EventType "swiss"]
[EventRounds "9"]
[EventCountry "TUR"]
[SourceTitle "CBM 187 Extra"]
[Source "ChessBase"]
[SourceDate "2018.11.04"]
[SourceVersion "1"]
[SourceVersionDate "2018.11.04"]
[SourceQuality "1"]

1. e4 c5 2. Nf3 d6 3. Bb5+ Nd7 4. d4 cxd4 5. Qxd4 a6 6. Bxd7+ Bxd7 7. Bg5 h6 8. Bh4 Rc8 9. Nc3 Qa5 10. 0-0 e5 11. Qd3 g5 12. Bg3 Nf6 13. Rfd1 Be7 14. h4 g4 15. Nd2 Be6 16. Nf1 Qb4 17. Rab1 Bc4 18. Qe3 Qc5 19. Qd2 Qc6 20. Re1 b5 21. a3 a5 22. Rbd1 Bxf1 23. Kxf1 b4 24. axb4 axb4 25. Nd5 Nxd5 26. exd5 Qxc2 27. Bxe5 Qxd2 28. Rxd2 dxe5 29. d6 Rc5 30. dxe7 Kxe7 31. Re4 f5 32. Rxb4 Rhc8 33. g3 Ke6 34. Ke2 h5 35. Rb6+ R5c6 36. Rb7 R8c7 37. Rb8 Rc8 38. Rb7 R8c7 1/2-1/2

[Event "Kesan op 16th"]
[Site "Kesan"]
[Date "2018.08.16"]
[Round "8"]
[White "Kara, Ali Barkin"]
[Black "Rzayev, Askar Aliakbar"]
[Result "0-1"]
[WhiteElo "1729"]
[BlackElo "2061"]
[PlyCount "88"]
[EventDate "2018.08.12"]
[EventType "swiss"]
[EventRounds "9"]
[EventCountry "TUR"]
[SourceTitle "CBM 186 Extra"]
[Source "ChessBase"]
[SourceDate "2018.08.24"]
[SourceVersion "1"]
[SourceVersionDate "2018.08.24"]
[SourceQuality "1"]

1. e4 c5 2. Nf3 e6 3. b3 a6 4. c4 Qc7 5. Bb2 b6 6. g3 d6 7. d4 cxd4 8. Nxd4 Nf6 9. Bg2 Bb7 10. Nd2 Nbd7 11. 0-0 Be7 12. Kh1 h5 13. f4 g6 14. h3 h4 15. g4 e5 16. Ne2 Nc5 17. Qc2 Ne6 18. Qc3 Nd7 19. fxe5 dxe5 20. Nf4 Nxf4 21. Rxf4 f6 22. Rff1 g5 23. Qf3 Nf8 24. Rad1 Rd8 25. Nb1 Rxd1 26. Rxd1 Ne6 27. Nc3 Nf4 28. Nd5 Bxd5 29. exd5 Bd6 30. Bc1 Kf7 31. Bxf4 exf4 32. Re1 Re8 33. Rxe8 Kxe8 34. Qe4+ Qe7 35. Qg6+ Kd8 36. Be4 Qe5 37. Kg2 b5 38. Bd3 Qe3 39. Qxf6+ Kc7 40. Qg7+ Kb6 41. c5+ Bxc5 42. Qf6+ Ka5 43. Qc3+ b4 44. Qc2 f3+ 0-1

[Event "Kesan op 16th"]
[Site "Kesan"]
[Date "2018.08.13"]
[Round "3"]
[White "Rzayev, Askar Aliakbar"]
[Black "Quparadze, Giga"]
[Result "0-1"]
[WhiteElo "2061"]
[BlackElo "2517"]
[PlyCount "48"]
[EventDate "2018.08.12"]
[EventType "swiss"]
[EventRounds "9"]
[EventCountry "TUR"]
[SourceTitle "CBM 186 Extra"]
[Source "ChessBase"]
[SourceDate "2018.08.24"]
[SourceVersion "1"]
[SourceVersionDate "2018.08.24"]
[SourceQuality "1"]

1. d4 Nf6 2. Nf3 e6 3. e3 c5 4. Bd3 Nc6 5. a3 b6 6. 0-0 Bb7 7. b3 cxd4 8. exd4 Be7 9. c4 d5 10. Bb2 0-0 11. Nbd2 Re8 12. Qe2 Bf8 13. Rfd1 g6 14. h3 Bg7 15. Qe3 Ne7 16. g4 dxc4 17. bxc4 b5 18. cxb5 Ned5 19. Qe1 Nf4 20. Bf1 h5 21. g5 Nh7 22. Ne4 Qd5 23. Nfd2 Nxg5 24. Bc4 Qf5 0-1

[Event "TUR-chT 2nd League"]
[Site "Konya"]
[Date "2018.07.19"]
[Round "5.15"]
[White "Rzayev, Askar Aliakbar"]
[Black "Sevdimaliyev, Urfan"]
[Result "1/2-1/2"]
[WhiteElo "2051"]
[BlackElo "2394"]
[PlyCount "79"]
[EventDate "2018.07.16"]
[EventType "team-swiss"]
[EventRounds "9"]
[EventCountry "TUR"]
[SourceTitle "EXT 2019"]
[Source "ChessBase"]
[SourceDate "2018.10.10"]
[SourceVersion "1"]
[SourceVersionDate "2018.10.10"]
[SourceQuality "1"]
[WhiteTeam "Karaman Yunus Ortaokulu"]
[BlackTeam "Seviye Dernegi"]
[WhiteTeamCountry "TUR"]
[BlackTeamCountry "TUR"]

1. d4 d5 2. c4 dxc4 3. Nf3 Nf6 4. e3 e6 5. Bxc4 c5 6. 0-0 a6 7. a4 Nc6 8. Qe2 cxd4 9. Rd1 Be7 10. exd4 0-0 11. Nc3 Nb4 12. Bg5 Re8 13. Ne5 Nfd5 14. Bxe7 Qxe7 15. Rac1 b6 16. Bxd5 exd5 17. Qf3 Be6 18. h3 Rac8 19. Nd3 Nxd3 20. Qxd3 Qb4 21. Qxa6 Qxb2 22. Qb5 Qxb5 23. Nxb5 Rxc1 24. Rxc1 Ra8 25. Nc7 Rc8 26. Rc3 Rb8 27. Rb3 Rc8 28. Nxe6 fxe6 29. Rxb6 Rc1+ 30. Kh2 Kf7 31. Rb2 Ra1 32. Rb4 Ra3 33. f3 Kf6 34. Kg3 Ra2 35. h4 h5 36. Kh3 Kf5 37. Kg3 Kf6 38. Kh3 Kf5 39. Kg3 Kf6 40. Kh3 1/2-1/2